书目信息 |
| 题名: |
德川家康
|
|
| 作者: | 山冈庄八, 著 ;岳远坤 译 | |
| 分册: | 第十部 幕府将军 | |
| 出版信息: | 海口 南海出版社 2008.06 |
|
| 页数: | 343页 | |
| 开本: | 24cm | |
| 丛书名: | 新经典文库 | |
| 单 册: | ||
| 中图分类: | I313.45 | |
| 科图分类: | ||
| 主题词: | 长篇小说--Chang Pian Xiao Shuo--日本--现代 | |
| 电子资源: | ||
| ISBN: | 978-7-5442-3892-2 | |
| 000 | 00908nam 2200289 450 | |
| 001 | CAL 012008110493 | |
| 005 | 20111230105121.09 | |
| 010 | @a978-7-5442-3892-2@dCNY26.00 | |
| 092 | @aCN@bXF08-13-079 | |
| 099 | @aCAL 012008110493 | |
| 100 | @a20080630d2008 ekmy0chiy50 ea | |
| 101 | 1 | @achi@cjpn |
| 102 | @aCN@b460000 | |
| 105 | @abf z 000ay | |
| 200 | 1 | @a德川家康@ADe Chuan Jia Kang@h第十部@i幕府将军@f(日) 山冈庄八著@g岳远坤译 |
| 210 | @a海口@c南海出版社@d2008.06 | |
| 215 | @a343页@d24cm | |
| 225 | 2 | @a新经典文库@AXin Jing Dian Wen Ku@v297 |
| 410 | 0 | @12001 @a新经典文库@v297 |
| 517 | 1 | @a幕府将军@AMu Fu Jiang Jun |
| 606 | 0 | @a长篇小说@AChang Pian Xiao Shuo@y日本@z现代 |
| 690 | @aI313.45@v4 | |
| 701 | 0 | @a山冈庄八,@AShan Gang Zhuang Ba@f1907-1978@4著 |
| 702 | 0 | @a岳远坤@AYue Yuan Kun@4译 |
| 801 | 0 | @aCN@bNUL@c20111230 |
| 905 | @aZUCC@dI313.45@eS121:10@f3 | |
| 998 | @aNUL | |
| 德川家康.第十部.幕府将军/(日) 山冈庄八著/岳远坤译.-海口:南海出版社,2008.06 |
| 343页;24cm.-(新经典文库;297) |
| ISBN 978-7-5442-3892-2:CNY26.00 |
| ● |
| 相关链接 |
|
|
|
正题名:德川家康
索取号:I313.45/S121:10
 
预约/预借
| 序号 | 登录号 | 条形码 | 馆藏地/架位号 | 状态 | 备注 |
| 1 | 1190155 | 211901557 | 社科二线400B/400B社科库 6排3列4层/ [索取号:I313.45/S121:10] | 在馆 | |
| 2 | 1190156 | 211901566 | 文学库116/116文学库 14排6列3层/ [索取号:I313.45/S121:10] | 在馆 | |
| 3 | 1190157 | 211901575 | 文学库116/116文学库 14排6列3层/ [索取号:I313.45/S121:10] | 在馆 |